| 000 | 00437nam a2200181Ia 4500 | ||
|---|---|---|---|
| 001 | 11682 | ||
| 005 | 20260306162846.0 | ||
| 008 | 260306t1979||||xx |||||||||||||| ||spa|| | ||
| 041 | _aESP | ||
| 082 |
_a987.04 _bU93 |
||
| 100 |
_aUslar Pietri, Arturo (1906-2001) _eAUT |
||
| 245 | 0 | _aLos libros de Miranda | |
| 260 | _c1979 | ||
| 300 |
_aVarias paginaciones _c23 cm. |
||
| 650 | _aGEN | ||
| 654 | _aCHU | ||
| 942 |
_cLIB _dJUS _fJUS _2ddc _n |
||
| 999 |
_c11682 _d11682 |
||